Keski-Pohjanmaan kunnat - Äkkikuolema - Statistics

Yleistilastot
  • Tätä visaa on pelattu 278 kertaa
  • Keskiarvotulos 6 / 8
Answers on the Grid
Answers color-coded by a green-red scale on the quiz's grid according to % correct below.
Evijärvi
Halsua
Kalajoki
Kannus
Kaustinen
Kinnula
Kokkola
Kruunupyy
Lestijärvi
Multia
Nivala
Perho
Raahe
Seinäjoki
Sievi
Toholampi
Veteli
Vimpeli
 
Vastaustilastot
Vastaus % Oikein
Kokkola
89%
Kaustinen
84%
Kannus
77%
Perho
77%
Lestijärvi
75%
Veteli
75%
Halsua
72%
Toholampi
66%
Ehtoja vastaavia visoja ei löytynyt
Tulosjakauma
Jokaisen tuloksen saaneiden osuus
Persentiili vastausten määrän mukaan
Tuloshistoriasi
Et ole pelannut tätä visaa